000 02081nam0a2200325 i 4500
001 RU\NLR\BIBL_A\011122195
005 20260405102113.0
021 _aRU
_b2016-34162
_92189
035 _a(NILC)RuMoRGB-008466336
035 _a(NLR Aleph) 011122195
090 _a11528121
_c11528121
100 _a20160512d2015 u y0rusy50 ca
101 0 _arus
102 _aRU
105 _aa|||j||||00yy
200 1 _aОсновы организации микропроцессорных автоматизированных систем управления технологическими процессами электроустановок
_eучебное пособие по курсу "Основы автоматизированных систем управления электроустановок подстанций" для студентов, обучающихся по направлению "Электрические станции"
_fА. В. Трофимов, А. М. Поляков
_gМ-во образования и науки Рос. Федерации, Нац. исслед. ун-т "МЭИ"
210 _aМосква
_cИзд-во МЭИ
_d2015
215 _a127 с.
_cил.
_d20
320 _aБиблиогр.: с. 124-125 (11 назв.)
606 1 _aЭлектрические установки
_jУчебные издания для высших учебных заведений
_xАвтоматическое управление
_92543069
_3RU\NLR\AUTH\661505379
606 _aСАУ микропроцессорные
_jУчебные издания для высших учебных заведений
_92160354
_3RU\NLR\AUTH\661300178
675 _a621.31
686 1 _aЗ29-5-05я73-1
700 1 _aТрофимов
_bА. В.
_gАлексей Валентинович
701 1 _7ca
_8rus
_aПоляков
_bА. М.
_cканд. техн. наук
_gАлександр Михайлович
_920855
_3RU\NLR\AUTH\7737867
801 0 _aRU
_bРГБ
_c20160422
_gRCR
942 _cBOOK
980 _aNBR